| 000 | 00490nam a2200181 i 4500 | ||
|---|---|---|---|
| 001 | bg | ||
| 100 | 1 | _aODLANICKI POCZOBUTT, Michał. | |
| 245 | 1 | 0 |
_aGeodezja : _bpodręcznik dla studiów inżynieryjno-budowlanych / _cMichał Odlanicki-Poczobutt. |
| 250 | _aWyd. 3 uzup. | ||
| 260 |
_aWarszawa, _c1974. |
||
| 650 | 9 | _aGeodezja | |
| 655 | _aPodręczniki akademickie | ||
| 040 | _cBPK | ||
| 041 | _apol | ||
| 080 | _a528(075.8) | ||
| 942 | _cKS | ||
| 008 | s pl f |000 0 pol | ||
| 999 |
_c326 _d326 |
||
| 856 |
_uhttp://koha.tu.koszalin.pl/cgi-bin/koha/opac-detail.pl?biblionumber=326 _yKatalog online BPK |
||